000 00686nam a2200193 a 4500
005 20140412111312.0
008 010420s19uu xx 00 eng d
020 _a0-02-788840-1
050 _aER
_bDr787 1993
100 _aTanis, Joel E.
245 _aThe dragon pack snack attack /
_cJoel E. Tanis and Jeff Grooters.
250 _a1st ed.
260 _aNew York :
_bFour Wind Press,
_c1993.
300 _a1v. (unp.) ; ill.
520 _aAfter spending hundreds of years on a tropical island, a patrol of bored and hungry dragond invades civilization and indulges in a fanatic fast food binge.
650 _aDragons-Fiction
650 _aFood Habits - Fiction
999 _c104080
_d104080